| 000 -LEADER |
| fixed length control field |
01907cam a2200349 a 4500 |
| 001 - CONTROL NUMBER |
| control field |
13292692 |
| 003 - CONTROL NUMBER IDENTIFIER |
| control field |
NUST |
| 005 - DATE AND TIME OF LATEST TRANSACTION |
| control field |
20211203104436.0 |
| 008 - FIXED-LENGTH DATA ELEMENTS--GENERAL INFORMATION |
| fixed length control field |
030728s2004 mdu 001 0 eng |
| 010 ## - LIBRARY OF CONGRESS CONTROL NUMBER |
| LC control number |
2003017047 |
| 020 ## - INTERNATIONAL STANDARD BOOK NUMBER |
| International Standard Book Number |
0810847388 (pbk. : alk. paper) |
| 038 ## - RECORD CONTENT LICENSOR |
| Staff Name |
waseem |
| 040 ## - CATALOGING SOURCE |
| Original cataloging agency |
DLC |
| Transcribing agency |
DLC |
| Modifying agency |
DLC |
| 043 ## - GEOGRAPHIC AREA CODE |
| Geographic area code |
n-us--- |
| 050 00 - LIBRARY OF CONGRESS CALL NUMBER |
| Classification number |
KF390.5.C6 |
| Item number |
G76 2004 |
| 082 00 - DEWEY DECIMAL CLASSIFICATION NUMBER |
| Classification number |
343.7309944 |
| Author Mark |
GRO |
| 100 1# - MAIN ENTRY--PERSONAL NAME |
| Personal name |
Grossman, Mark, |
| Dates associated with a name |
1957- |
| 9 (RLIN) |
85539 |
| 245 10 - TITLE STATEMENT |
| Title |
Technology law : |
| Remainder of title |
what every business (and business-minded person) needs to know / |
| Statement of responsibility, etc. |
Mark Grossman. |
| 260 ## - PUBLICATION, DISTRIBUTION, ETC. |
| Place of publication, distribution, etc. |
Lanham, Md : |
| Name of publisher, distributor, etc. |
Scarecrow Press, |
| Date of publication, distribution, etc. |
2004. |
| 300 ## - PHYSICAL DESCRIPTION |
| Extent |
vi, 177 p. ; |
| Dimensions |
22 cm. |
| 500 ## - GENERAL NOTE |
| General note |
Includes index. |
| 505 0# - FORMATTED CONTENTS NOTE |
| Formatted contents note |
The law : technology, copyright, and intellectual property -- Venture capital and financiers : getting started correctly -- Contracts and contracting : laws, issues, and tips -- The Internet : E-commerce, legalities, and getting paid -- Websites : development and upkeep; laws, issues, and solutions -- Employees' rights, obligations, and pitfalls in litigation -- Piracy and crime : schemes and scams -- Privacy, policy, and encryption -- Negotiations : policies, procedures, and suggestions -- History, background, thoughts, and legal considerations. |
| 563 ## - BINDING INFORMATION |
| Binding note |
PBK. |
| 650 #0 - SUBJECT ADDED ENTRY--TOPICAL TERM |
| Topical term or geographic name entry element |
Computers |
| General subdivision |
Law and legislation |
| Geographic subdivision |
United States. |
| 9 (RLIN) |
85540 |
| 650 #0 - SUBJECT ADDED ENTRY--TOPICAL TERM |
| Topical term or geographic name entry element |
Internet |
| General subdivision |
Law and legislation |
| Geographic subdivision |
United States. |
| 9 (RLIN) |
85541 |
| 650 #0 - SUBJECT ADDED ENTRY--TOPICAL TERM |
| Topical term or geographic name entry element |
Electronic commerce |
| General subdivision |
Law and legislation |
| Geographic subdivision |
United States. |
| 9 (RLIN) |
85542 |
| 650 #0 - SUBJECT ADDED ENTRY--TOPICAL TERM |
| Topical term or geographic name entry element |
Technology and law |
| Geographic subdivision |
United States. |
| 9 (RLIN) |
85543 |
| 856 41 - ELECTRONIC LOCATION AND ACCESS |
| Materials specified |
Table of contents |
| Uniform Resource Identifier |
<a href="http://www.loc.gov/catdir/toc/ecip047/2003017047.html">http://www.loc.gov/catdir/toc/ecip047/2003017047.html</a> |
| 906 ## - LOCAL DATA ELEMENT F, LDF (RLIN) |
| a |
7 |
| b |
cbc |
| c |
orignew |
| d |
1 |
| e |
ecip |
| f |
20 |
| g |
y-gencatlg |
| 942 ## - ADDED ENTRY ELEMENTS (KOHA) |
| Source of classification or shelving scheme |
|
| Koha item type |
Book |